00325nam a2200121Ia 4500008004100000020001400041050001500055100001800070245003600088260004200124300002400166650001300190150202s9999 xx 000 0 und d a586048618 aFIC bFIC  aScott Justin. 4aThe shipkiller /cJustin Scott. aGreat Britain :bGranada Pub.,c1979. a431 pages :c18 cm. aFiction.